• 首页
  • 本馆介绍
  • 公告通知
  • 最新文献
  • 馆藏检索
  • 电子资源
  • 读者导购
  • 参考咨询
  • 我的图书馆
  • 登录
  • 详细信息显示
  • 放入我的书架
  • 预约/预借图书
  • 作者相关作品
  • 分类相关作品
  • 丛书相关作品
  • 出版社相关作品

书目信息

  • 表格格式
  • 工作单格式
  • 卡片格式
题名:
老年人保健与居家照护手册
    
 
作者: 胡秀英 , 陈茜 主编
分册:  
出版信息: 北京   科学出版社  2014
页数: 476页
开本: 21cm
丛书名:
单 册:
中图分类: R161.7-62 , R473.2-62
科图分类:
主题词: 老年人--Lao Nian Ren--保健--手册 , 老年人--Lao Nian Ren--家庭--护理--手册
电子资源:
ISBN: 978-7-03-041938-5
000 01232nam0 2200277 450
001 1677572609
005 20141001231600.0
010    @a978-7-03-041938-5@dCNY49.80
100    @a20141118d2014 em y0chiy50 ea
101 0  @achi
102    @aCN@b110000
105    @aak z 000yy
106    @ar
200 1  @a老年人保健与居家照护手册@ALao Nian Ren Bao Jian Yu Ju Jia Zhao Hu Shou Ce@f主编胡秀英, 陈茜
210    @a北京@c科学出版社@d2014
215    @a476页@c图@d21cm
330    @a本书由国内40多位具有丰富临床经验的老年护理专业人员联合编写,是一本有关老年人保健与家庭照护进展和相关知识的工具书。本书不仅介绍了老年人常见问题与疾病的概念、发病情况、发生原因、临床表现、常见检查、治疗方法及预后,还从老年人常见保健与照护的误区着手,指导老年人及其照护者从日常生活等各方面,进行正确、适合老年人的沟通方法、照护技巧和急救措施。
333    @a可供从事和关注老年工作的医务人员与保健人员、养老机构人员、广大老年人及其家人和照护者参考使用。
606 0  @a老年人@ALao Nian Ren@x保健@j手册
606 0  @a老年人@ALao Nian Ren@x家庭@x护理@j手册
690    @aR161.7-62@v5
690    @aR473.2-62@v5
701  0 @a胡秀英@AHu Xiu Ying@4主编
701  0 @a陈茜@AChen Qian@4主编
801  0 @aCN@b江苏新华@c20150511
905    @aBZT@dR161.7-62@e3
    
    老年人保健与居家照护手册/主编胡秀英, 陈茜.-北京:科学出版社,2014
    476页:图;21cm
    使用对象:可供从事和关注老年工作的医务人员与保健人员、养老机构人员、广大老年人及其家人和照护者参考使用。
    
    ISBN 978-7-03-041938-5:CNY49.80
    本书由国内40多位具有丰富临床经验的老年护理专业人员联合编写,是一本有关老年人保健与家庭照护进展和相关知识的工具书。本书不仅介绍了老年人常见问题与疾病的概念、发病情况、发生原因、临床表现、常见检查、治疗方法及预后,还从老年人常见保健与照护的误区着手,指导老年人及其照护者从日常生活等各方面,进行正确、适合老年人的沟通方法、照护技巧和急救措施。
●
相关链接 在五车中查询图书 在当当中查询图书 在豆瓣中查询图书


正题名:老年人保健与居家照护手册     索取号:R161.7-62/3         预约/预借

序号 登录号 条形码 馆藏地/架位号 状态 备注
1 801047   2000801047   第二书库/ [索取号:R161.7-62/3] 在馆    
2 801048   2000801048   第二书库/ [索取号:R161.7-62/3] 在馆    
3 801049   2000801049   第二书库/ [索取号:R161.7-62/3] 在馆    
山东省滨州职业学院图书馆 欢迎您!
大连网信软件有限公司© 版权所有